000 00449nmm a2200169Ia 4500
008 251105s9999||||xx |||||||||||||||||und||
020 _a9788415410256
041 _aspa
100 _aAmarillo, Noelia
245 0 _aQuédate a mi lado
264 _a[Madrid, España] :
_bTerciopelo,
_c2012
300 _a135 páginas
490 _aTerciopelo
650 _aErotic novel
856 _uhttps://public.digitaliapublishing.com/a/32306
942 _cCF
999 _c76697
_d76697